[Event "TCh-FRA Top 16 Gp A/B"]
[Site "Clichy"]
[Date "2007.06.02"]
[Round "10.3"]
[White "Bouchet, Nicolas"]
[Black "Karr, Jean Philippe"]
[Result "1-0"]
[WhiteElo "2316"]
[BlackElo "2409"]
[PlyCount "81"]
[EventDate "2007.05.??"]
[EventType "team"]
[EventRounds "11"]
[EventCountry "FRA"]
[SourceDate "2007.01.01"]
[WhiteTeam "Creteil"]
[BlackTeam "Drancy"]
[WhiteTeamCountry "FRA"]
[BlackTeamCountry "FRA"]

1. e4 c5 2. c3 Nf6 3. e5 Nd5 4. d4 cxd4 5. Nf3 Nc6 6. Bc4 Nb6 7. Bb3 d5 8. exd6
Qxd6 9. O-O Be6 10. Bxe6 Qxe6 11. Nxd4 Nxd4 12. Qxd4 Rd8 13. Qf4 g6 14. Be3 Bg7
15. Bxb6 Qxb6 16. Qa4+ Kf8 17. Rd1 Rxd1+ 18. Qxd1 Bf6 19. Qb3 Qc6 20. Na3 Kg7
21. Rd1 Rc8 22. Nc2 a5 23. Ne3 e6 24. h3 h5 25. Rd3 b5 26. a3 Rc7 27. Qd1 Qe4
28. Nc2 Rc5 29. Rd7 Rg5 30. Ne1 Rc5 31. Nf3 b4 32. axb4 axb4 33. Qa4 Qb1+ 34.
Kh2 Qxb2 35. Qa7 Qxc3 36. Rxf7+ Kg8 37. Rxf6 Qxf6 38. Qxc5 Qf4+ 39. Kg1 Kf7 40.
Ne5+ Kf6 41. Nd3 1-0

[Event "TCh-FRA Top 16 Gp A/B"]
[Site "Clichy"]
[Date "2007.06.02"]
[Round "10.4"]
[White "Legky, Nikolay A"]
[Black "Strugnell, Carl"]
[Result "1-0"]
[WhiteElo "2465"]
[BlackElo "2225"]
[PlyCount "51"]
[EventDate "2007.05.??"]
[EventType "team"]
[EventRounds "11"]
[EventCountry "FRA"]
[SourceDate "2007.01.01"]
[WhiteTeam "Drancy"]
[WhiteTeamCountry "FRA"]
[BlackTeamCountry "FRA"]

1. d4 Nf6 2. Nf3 g6 3. c4 d5 4. cxd5 Nxd5 5. e4 Nb6 6. h3 Bg7 7. Nc3 O-O 8. Be2
N8d7 9. a4 a5 10. Bf4 c6 11. O-O Re8 12. Kh1 e5 13. dxe5 Qe7 14. Be3 Qb4 15.
Qd4 c5 16. Qxb4 axb4 17. Nb5 Rxa4 18. Rxa4 Nxa4 19. Nd6 Rf8 20. Bb5 Nab6 21.
Rd1 Nxe5 22. Bxc5 Nbd7 23. Bxb4 Nxf3 24. gxf3 Ne5 25. Ne8 Bh6 26. Nf6+ 1-0

[Event "TCh-FRA Top 16 Gp A/B"]
[Site "Clichy"]
[Date "2007.06.02"]
[Round "10.5"]
[White "Brih, Said"]
[Black "Giffard, Nicolas"]
[Result "0-1"]
[WhiteElo "2222"]
[BlackElo "2379"]
[PlyCount "126"]
[EventDate "2007.05.??"]
[EventType "team"]
[EventRounds "11"]
[EventCountry "FRA"]
[SourceDate "2007.01.01"]
[WhiteTeam "Creteil"]
[BlackTeam "Drancy"]
[WhiteTeamCountry "FRA"]
[BlackTeamCountry "FRA"]

1. e4 c6 2. Nc3 d5 3. Nf3 dxe4 4. Nxe4 Nd7 5. Bc4 Ngf6 6. Neg5 e6 7. Nxf7 Kxf7
8. Ng5+ Ke8 9. Bxe6 Nc5 10. Bf7+ Kd7 11. O-O h6 12. Nf3 Kc7 13. d4 Nce4 14. Ne5
g5 15. Bg6 Rg8 16. Qd3 Nd6 17. Qg3 Bf5 18. Bf7 Rg7 19. Bb3 Nh5 20. Qe3 Nf4 21.
c4 Re7 22. Rd1 Nf7 23. Bd2 Nxe5 24. dxe5 Qe8 25. Bc3 Bg7 26. Bb4 Bxe5 27. Bxe7
Qxe7 28. Rd2 Bd6 29. Qxe7+ Bxe7 30. Ba4 Bb4 31. Rdd1 Bg4 32. f3 Bc5+ 33. Kh1
Bf5 34. g3 Nd3 35. g4 Nf2+ 36. Kg2 Nxd1 37. Rxd1 Be6 38. Re1 Bxc4 39. Rc1 b5
40. b3 Rd8 41. Bxb5 Bxb5 42. Rxc5 Rd2+ 43. Kg3 Rxa2 44. h4 Rb2 45. hxg5 hxg5
46. Rxg5 Rxb3 47. Rg7+ Kb6 48. g5 a5 49. g6 Bc4 50. Rf7 a4 51. Rf4 Bd5 52. Rxa4
Rxf3+ 53. Kg4 Rf1 54. Ra8 Kc5 55. Kg5 Kd4 56. Ra4+ Ke5 57. g7 Rg1+ 58. Kh6 c5
59. Rh4 c4 60. Rh5+ Kd4 61. Rh4+ Be4 62. Rf4 c3 63. Rf1 Rxf1 0-1

[Event "TCh-FRA Top 16 Gp A/B"]
[Site "Clichy"]
[Date "2007.06.02"]
[Round "10.6"]
[White "Brunelliere, Pierre"]
[Black "Guilleux, Fabien"]
[Result "1/2-1/2"]
[WhiteElo "2369"]
[BlackElo "2203"]
[PlyCount "42"]
[EventDate "2007.05.??"]
[EventType "team"]
[EventRounds "11"]
[EventCountry "FRA"]
[SourceDate "2007.01.01"]
[WhiteTeam "Drancy"]
[WhiteTeamCountry "FRA"]
[BlackTeamCountry "FRA"]

1. g3 c5 2. Nf3 Nf6 3. Bg2 Nc6 4. c4 e6 5. O-O Be7 6. b3 O-O 7. Bb2 a6 8. Nc3
Rb8 9. d4 cxd4 10. Nxd4 Nxd4 11. Qxd4 d6 12. Rfd1 b5 13. Qa7 Bd7 14. e4 bxc4
15. e5 dxe5 16. Ne4 Nd5 17. bxc4 Ra8 18. Qb7 Rb8 19. Qa7 Ra8 20. Qb7 Rb8 21.
Qa7 Ra8 1/2-1/2

[Event "TCh-FRA Top 16 Gp A/B"]
[Site "Clichy"]
[Date "2007.06.02"]
[Round "10.7"]
[White "Larrat, Philippe"]
[Black "Salaun, Yann"]
[Result "1/2-1/2"]
[WhiteElo "2174"]
[BlackElo "2336"]
[PlyCount "53"]
[EventDate "2007.05.??"]
[EventType "team"]
[EventRounds "11"]
[EventCountry "FRA"]
[SourceDate "2007.01.01"]
[WhiteTeam "Creteil"]
[BlackTeam "Drancy"]
[WhiteTeamCountry "FRA"]
[BlackTeamCountry "FRA"]

1. e4 e5 2. Nf3 Nc6 3. Nc3 g6 4. d4 exd4 5. Nxd4 Bg7 6. Be3 Nf6 7. Qd2 O-O 8.
O-O-O Re8 9. f3 Ne5 10. Bg5 d6 11. f4 Ned7 12. Nf3 Nc5 13. e5 Nfe4 14. Nxe4
Nxe4 15. Bxd8 Nxd2 16. Bxc7 Nxf1 17. exd6 Ne3 18. d7 Bxd7 19. Rxd7 Nxg2 20.
Rhd1 Rac8 21. R1d2 Bh6 22. Ng5 Re4 23. Rd1 Re2 24. R1d2 Re1+ 25. Rd1 Re2 26.
R1d2 Re1+ 27. Rd1 1/2-1/2

[Event "TCh-FRA Top 16 Gp A/B"]
[Site "Clichy"]
[Date "2007.06.02"]
[Round "10.8"]
[White "Wolfangel, Florence"]
[Black "Lam, Sophie"]
[Result "1/2-1/2"]
[WhiteElo "1983"]
[BlackElo "2064"]
[PlyCount "100"]
[EventDate "2007.05.??"]
[EventType "team"]
[EventRounds "11"]
[EventCountry "FRA"]
[SourceDate "2007.01.01"]
[WhiteTeam "Drancy"]
[WhiteTeamCountry "FRA"]
[BlackTeamCountry "FRA"]

1. d4 d5 2. c4 e6 3. Nc3 Nf6 4. Nf3 Be7 5. Bg5 O-O 6. e3 Nbd7 7. Bd3 c5 8. cxd5
Nxd5 9. Bxe7 Qxe7 10. Nxd5 exd5 11. dxc5 Nxc5 12. Bc2 Rd8 13. Nd4 Ne6 14. O-O
Qf6 15. Qd3 Nxd4 16. Qxd4 Qxd4 17. exd4 Be6 18. Rac1 Rac8 19. Bb3 Kf8 20. f4 f6
21. Kf2 Ke7 22. Ke3 Kd6 23. Kd2 Bf5 24. Rxc8 Rxc8 25. Rc1 Rxc1 26. Kxc1 Be4 27.
g3 Ke6 28. Kd2 Kf5 29. Bd1 Ke6 30. Ke3 Kd6 31. Kd2 Ke6 32. Ke3 Bb1 33. a3 Be4
34. Bg4+ Kd6 35. Kd2 Kc6 36. Kc3 g6 37. Be2 Kd6 38. Kd2 Ke6 39. Bg4+ Bf5 40.
Bf3 h5 41. Ke3 Bc2 42. h3 Bb3 43. Be2 Bc4 44. Bd1 Bf1 45. h4 Bh3 46. Ba4 Bf5
47. Kf3 a6 48. Ke3 Be4 49. Kf2 Kd6 50. Ke3 Kc7 1/2-1/2

[Event "TCh-FRA Top 16 Gp A/B"]
[Site "Clichy"]
[Date "2007.06.03"]
[Round "11.1"]
[White "Prie, Eric"]
[Black "Movsesian, Sergei"]
[Result "1/2-1/2"]
[WhiteElo "2513"]
[BlackElo "2642"]
[PlyCount "32"]
[EventDate "2007.05.??"]
[EventType "team"]
[EventRounds "11"]
[EventCountry "FRA"]
[SourceDate "2007.01.01"]
[WhiteTeam "Montpellier"]
[BlackTeam "Vandoeuvre"]
[WhiteTeamCountry "FRA"]
[BlackTeamCountry "FRA"]

1. d4 d5 2. a3 c6 3. Nf3 Bf5 4. Bf4 Nf6 5. e3 e6 6. c4 Nbd7 7. Nc3 Be7 8. Be2
O-O 9. Nh4 Be4 10. f3 Bg6 11. Nxg6 hxg6 12. Bg3 dxc4 13. Bxc4 Nb6 14. Bb3 c5
15. dxc5 Bxc5 16. Qxd8 Rfxd8 1/2-1/2

[Event "TCh-FRA Top 16 Gp A/B"]
[Site "Clichy"]
[Date "2007.06.03"]
[Round "11.3"]
[White "Libiszewski, Fabien"]
[Black "Brunner, Nicolas"]
[Result "1/2-1/2"]
[WhiteElo "2486"]
[BlackElo "2439"]
[PlyCount "22"]
[EventDate "2007.05.??"]
[EventType "team"]
[EventRounds "11"]
[EventCountry "FRA"]
[SourceDate "2007.01.01"]
[WhiteTeam "Montpellier"]
[BlackTeam "Vandoeuvre"]
[WhiteTeamCountry "FRA"]
[BlackTeamCountry "FRA"]

1. e4 c5 2. Nf3 d6 3. c3 Nf6 4. h3 Nc6 5. Bd3 d5 6. e5 Nd7 7. Bb5 Qc7 8. d4 a6
9. Ba4 cxd4 10. cxd4 Nb6 11. Bb3 Bf5 1/2-1/2

[Event "TCh-FRA Top 16 Gp A/B"]
[Site "Clichy"]
[Date "2007.06.03"]
[Round "11.4"]
[White "Philippe, Christophe"]
[Black "Korneev, Oleg"]
[Result "1/2-1/2"]
[WhiteElo "2354"]
[BlackElo "2565"]
[PlyCount "91"]
[EventDate "2007.05.??"]
[EventType "team"]
[EventRounds "11"]
[EventCountry "FRA"]
[SourceDate "2007.01.01"]
[WhiteTeam "Vandoeuvre"]
[WhiteTeamCountry "FRA"]
[BlackTeamCountry "FRA"]

1. e4 c5 2. Nf3 e6 3. c3 Nf6 4. e5 Nd5 5. d4 cxd4 6. cxd4 d6 7. a3 Bd7 8. Bd3
Bc6 9. O-O Nd7 10. Bd2 a6 11. Nc3 dxe5 12. dxe5 Nxc3 13. Bxc3 Nc5 14. Be2 Be7
15. Qxd8+ Rxd8 16. Rfd1 Rc8 17. Nd4 Bd5 18. Bb4 Na4 19. Bxe7 Kxe7 20. Rd2 Rc7
21. f3 Rhc8 22. Rad1 Rc1 23. Kf2 g5 24. g3 Rxd1 25. Bxd1 Nb6 26. f4 gxf4 27.
gxf4 Rc1 28. b3 Rc3 29. h4 Nd7 30. Bc2 Rh3 31. Rd1 h5 32. Bf5 Rh2+ 33. Kg3 Rg2+
34. Kh3 Rf2 35. Kg3 Rg2+ 36. Kh3 Rf2 37. Kg3 Ra2 38. a4 Nc5 39. Bc2 Rb2 40. f5
exf5 41. Nxf5+ Ke6 42. Kf4 Nxb3 43. Ng7+ Ke7 44. Nf5+ Ke6 45. Ng7+ Ke7 46. Nf5+
1/2-1/2

[Event "TCh-FRA Top 16 Gp A/B"]
[Site "Clichy"]
[Date "2007.06.03"]
[Round "11.5"]
[White "Maze, Sebastien"]
[Black "Nezar, Mustapha"]
[Result "1-0"]
[WhiteElo "2506"]
[BlackElo "2420"]
[PlyCount "87"]
[EventDate "2007.05.??"]
[EventType "team"]
[EventRounds "11"]
[EventCountry "FRA"]
[SourceDate "2007.01.01"]
[WhiteTeam "Montpellier"]
[BlackTeam "Vandoeuvre"]
[WhiteTeamCountry "FRA"]
[BlackTeamCountry "FRA"]

1. e4 c5 2. Nf3 d6 3. c3 Nf6 4. h3 e6 5. Bd3 Nc6 6. O-O Be7 7. Bc2 O-O 8. Re1
Ne5 9. d4 Nxf3+ 10. Qxf3 e5 11. dxe5 dxe5 12. Nd2 Be6 13. Bb3 Bxb3 14. axb3 Qd7
15. Nc4 Qb5 16. Ra3 Nd7 17. Ne3 Rfe8 18. Nf5 Bf8 19. Rd1 Nb6 20. Qg4 Kh8 21. c4
Qc6 22. Rd6 Qc7 23. Bg5 Nc8 24. Rh6 Re6 25. Rxe6 fxe6 26. Nh4 Qd6 27. Ra1 Nb6
28. Rd1 Qc6 29. Qh5 Kg8 30. Qg4 Kh8 31. Nf3 Nd7 32. Qh5 Kg8 33. Bh4 g6 34. Qg5
Re8 35. Nxe5 Nxe5 36. Qxe5 Bg7 37. Bf6 Bxf6 38. Qxf6 e5 39. Qxc6 bxc6 40. Rd6
Rc8 41. Re6 Rb8 42. Rxe5 Rxb3 43. Rxc5 Rxb2 44. Rxc6 1-0

[Event "TCh-FRA Top 16 Gp A/B"]
[Site "Clichy"]
[Date "2007.06.03"]
[Round "11.6"]
[White "Iglesias, Joachim"]
[Black "Flear, Glenn C"]
[Result "1/2-1/2"]
[WhiteElo "2144"]
[BlackElo "2476"]
[PlyCount "117"]
[EventDate "2007.05.??"]
[EventType "team"]
[EventRounds "11"]
[EventCountry "FRA"]
[SourceDate "2007.01.01"]
[WhiteTeam "Vandoeuvre"]
[WhiteTeamCountry "FRA"]
[BlackTeamCountry "FRA"]

1. d4 d5 2. Nf3 Nf6 3. e3 c6 4. c4 Bg4 5. h3 Bh5 6. cxd5 Bxf3 7. Qxf3 cxd5 8.
Bd3 Nc6 9. O-O Rc8 10. Qd1 e6 11. Qb3 Nb4 12. Bb5+ Nd7 13. Na3 a6 14. Bd2 Nc6
15. Bxc6 Rxc6 16. Rfc1 Qb6 17. Rxc6 bxc6 18. Qxb6 Nxb6 19. Ba5 Na8 20. b4 Kd7
21. Nb1 Bd6 22. Nd2 Rb8 23. a3 e5 24. dxe5 Bxe5 25. Rd1 Bd6 26. Nb3 Nc7 27. e4
Re8 28. Bxc7 Kxc7 29. exd5 cxd5 30. Kf1 Re5 31. Nd4 Be7 32. g4 h5 33. Nf3 Re4
34. Rxd5 hxg4 35. hxg4 Bf6 36. g5 Bb2 37. Rf5 f6 38. gxf6 gxf6 39. Nd2 Rd4 40.
Rc5+ Kb8 41. Nc4 Ba1 42. Ke2 Re4+ 43. Kd3 Rd4+ 44. Kc2 Rf4 45. Kb3 Rxf2 46. Rc6
Ka7 47. Rc7+ Kb8 48. Rc6 Ka7 49. Ka4 Rf5 50. Rc7+ Kb8 51. Rc6 Ka7 52. Rc7+ Kb8
53. Rh7 Bd4 54. Na5 Bf2 55. Nc6+ Ka8 56. Rf7 Bb6 57. Ne7 Re5 58. Rxf6 Rxe7 59.
Rxb6 1/2-1/2

[Event "TCh-FRA Top 16 Gp A/B"]
[Site "Clichy"]
[Date "2007.06.03"]
[Round "11.7"]
[White "Marzolo, Cyril"]
[Black "Moret, Vincent"]
[Result "1-0"]
[WhiteElo "2459"]
[BlackElo "2176"]
[PlyCount "37"]
[EventDate "2007.05.??"]
[EventType "team"]
[EventRounds "11"]
[EventCountry "FRA"]
[SourceDate "2007.01.01"]
[WhiteTeam "Montpellier"]
[BlackTeam "Vandoeuvre"]
[WhiteTeamCountry "FRA"]
[BlackTeamCountry "FRA"]

1. d4 Nf6 2. Nf3 g6 3. c4 c5 4. d5 b5 5. cxb5 a6 6. Nc3 axb5 7. d6 Qa5 8. Nd2
exd6 9. e4 Ba6 10. a4 b4 11. Nb5 Bxb5 12. Bxb5 Nc6 13. O-O Be7 14. Nc4 Qc7 15.
Bh6 Nd4 16. Re1 Bf8 17. Bf4 O-O-O 18. e5 dxe5 19. Bxe5 1-0

[Event "TCh-FRA Top 16 Gp A/B"]
[Site "Clichy"]
[Date "2007.06.03"]
[Round "11.8"]
[White "Klipper, Rebecca"]
[Black "Flear, Christine"]
[Result "1/2-1/2"]
[WhiteElo "2026"]
[BlackElo "2168"]
[PlyCount "28"]
[EventDate "2007.05.??"]
[EventType "team"]
[EventRounds "11"]
[EventCountry "FRA"]
[SourceDate "2007.01.01"]
[WhiteTeam "Vandoeuvre"]
[WhiteTeamCountry "FRA"]
[BlackTeamCountry "FRA"]

1. e4 c5 2. Nf3 e6 3. c3 Nf6 4. e5 Nd5 5. d4 cxd4 6. cxd4 d6 7. a3 Bd7 8. Bd3
Bc6 9. Qe2 Nd7 10. O-O Qc7 11. Bd2 a6 12. Nc3 Nxc3 13. Bxc3 dxe5 14. Nxe5 Nxe5
1/2-1/2

[Event "TCh-FRA Top 16 Gp A/B"]
[Site "Clichy"]
[Date "2007.06.03"]
[Round "11.1"]
[White "Doettling, Fabian"]
[Black "Nataf, Igor Alexandre"]
[Result "1/2-1/2"]
[WhiteElo "2539"]
[BlackElo "2596"]
[PlyCount "36"]
[EventDate "2007.05.??"]
[EventType "team"]
[EventRounds "11"]
[EventCountry "FRA"]
[SourceDate "2007.01.01"]
[WhiteTeam "Strasbourg"]
[BlackTeam "Paris Chess Club"]
[WhiteTeamCountry "FRA"]
[BlackTeamCountry "FRA"]

1. d4 Nf6 2. Nf3 g6 3. c4 Bg7 4. Nc3 O-O 5. e4 d6 6. Be2 e5 7. O-O Nc6 8. d5
Ne7 9. b4 a5 10. bxa5 c5 11. Nd2 Rxa5 12. a4 Nd7 13. Nb5 Ra6 14. Ra3 f5 15.
exf5 gxf5 16. f4 exf4 17. Rxf4 Ng6 18. Rf1 Nde5 1/2-1/2

[Event "TCh-FRA Top 16 Gp A/B"]
[Site "Clichy"]
[Date "2007.06.03"]
[Round "11.3"]
[White "Kallai, Gabor"]
[Black "Hauchard, Arnaud"]
[Result "1/2-1/2"]
[WhiteElo "2491"]
[BlackElo "2474"]
[PlyCount "26"]
[EventDate "2007.05.??"]
[EventType "team"]
[EventRounds "11"]
[EventCountry "FRA"]
[SourceDate "2007.01.01"]
[WhiteTeam "Strasbourg"]
[BlackTeam "Paris Chess Club"]
[WhiteTeamCountry "FRA"]
[BlackTeamCountry "FRA"]

1. d4 d5 2. c4 c6 3. Nf3 Nf6 4. e3 Bf5 5. Nc3 e6 6. Bd3 Bg6 7. Ne5 Bxd3 8. Qxd3
Nbd7 9. Nxd7 Qxd7 10. a3 Be7 11. O-O O-O 12. Bd2 dxc4 13. Qxc4 c5 1/2-1/2

[Event "TCh-FRA Top 16 Gp A/B"]
[Site "Clichy"]
[Date "2007.06.03"]
[Round "11.5"]
[White "Reinhart, Emmanuel"]
[Black "Pile, Richard"]
[Result "1/2-1/2"]
[WhiteElo "2299"]
[BlackElo "2285"]
[PlyCount "145"]
[EventDate "2007.05.??"]
[EventType "team"]
[EventRounds "11"]
[EventCountry "FRA"]
[SourceDate "2007.01.01"]
[WhiteTeam "Strasbourg"]
[BlackTeam "Paris Chess Club"]
[WhiteTeamCountry "FRA"]
[BlackTeamCountry "FRA"]

1. e4 c5 2. Nf3 e6 3. d4 cxd4 4. Nxd4 a6 5. Nc3 Qc7 6. Be2 Nf6 7. O-O Bb4 8.
Qd3 Nc6 9. Nxc6 bxc6 10. f4 d5 11. e5 Nd7 12. Qg3 O-O 13. Bd3 f5 14. Ne2 Nb6
15. Be3 Be7 16. Qf2 c5 17. c3 Rb8 18. Rfc1 Nc4 19. Bxc4 dxc4 20. Ng3 Qc6 21.
Rd1 a5 22. Rd2 Ba6 23. Rad1 Rf7 24. Rd7 Bb7 25. Qe2 Bf8 26. Rxf7 Kxf7 27. Rd2
g6 28. a3 Be7 29. Qf2 Ke8 30. Qe2 Rd8 31. Rxd8+ Kxd8 32. Qd2+ Kc7 33. Qf2 Qd7
34. Qc2 Kb8 35. Qf2 Kc8 36. Qe2 Qd5 37. Nf1 g5 38. Nd2 gxf4 39. Bxf4 Kc7 40.
Qf3 Kc8 41. Qe2 Kc7 42. Kf1 h5 43. Ke1 Qxg2 44. Qxg2 Bxg2 45. Nxc4 a4 46. Ne3
Be4 47. c4 Kd7 48. Ke2 Ke8 49. Nd1 Bc2 50. Nc3 Bh4 51. Be3 Be7 52. Kd2 Bb3 53.
Kd3 Kf7 54. Nb5 Ke8 55. Nc3 Kd7 56. Ne2 Bd1 57. Nc3 Bb3 58. Ne2 Bd1 59. Nf4 Bf3
60. Ng6 Ke8 61. Nxe7 Kxe7 62. Bxc5+ Kd7 63. h4 Bd1 64. Be3 Bb3 65. Kd4 Kc6 66.
Bg5 Bc2 67. Be7 Bb3 68. Bb4 Bc2 69. Be7 Bb3 70. Bg5 Bc2 71. Kc3 Bb3 72. Kb4 Bd1
73. Kc3 1/2-1/2

[Event "TCh-FRA Top 16 Gp A/B"]
[Site "Clichy"]
[Date "2007.06.03"]
[Round "11.6"]
[White "De Sousa, Jose Claude"]
[Black "Roos, Jean Luc"]
[Result "0-1"]
[WhiteElo "2294"]
[BlackElo "2294"]
[PlyCount "56"]
[EventDate "2007.05.??"]
[EventType "team"]
[EventRounds "11"]
[EventCountry "FRA"]
[SourceDate "2007.01.01"]
[WhiteTeam "Paris Chess Club"]
[WhiteTeamCountry "FRA"]
[BlackTeamCountry "FRA"]

1. e4 e6 2. d4 d5 3. Nd2 Nf6 4. e5 Nfd7 5. c3 c5 6. Bd3 Nc6 7. Ngf3 Be7 8. O-O
a5 9. Re1 cxd4 10. cxd4 Qb6 11. Nb1 Nxd4 12. Nxd4 Qxd4 13. Nc3 Bc5 14. Qc2 Qh4
15. Nb5 O-O 16. Be3 b6 17. a3 h6 18. Rab1 a4 19. b4 axb3 20. Rxb3 Ba6 21. Bc1
Rfc8 22. Qb2 Qxf2+ 23. Qxf2 Bxf2+ 24. Kxf2 Nc5 25. Nd6 Nxb3 26. Nxc8 Bxd3 27.
Nxb6 Ra6 28. Nd7 Bb5 0-1

[Event "TCh-FRA Top 16 Gp A/B"]
[Site "Clichy"]
[Date "2007.06.03"]
[Round "11.8"]
[White "Aflalo, Sophie"]
[Black "Roos, Louise"]
[Result "1/2-1/2"]
[WhiteElo "1954"]
[BlackElo "1948"]
[PlyCount "34"]
[EventDate "2007.05.??"]
[EventType "team"]
[EventRounds "11"]
[EventCountry "FRA"]
[SourceDate "2007.01.01"]
[WhiteTeam "Paris Chess Club"]
[WhiteTeamCountry "FRA"]
[BlackTeamCountry "FRA"]

1. e4 c5 2. Nf3 d6 3. d4 cxd4 4. Nxd4 Nf6 5. Nc3 Nc6 6. f3 e6 7. Be3 Be7 8. Qd2
d5 9. O-O-O dxe4 10. Qe1 Qc7 11. Nxe4 a6 12. g4 b5 13. Nxf6+ Bxf6 14. Nb3 Qe5
15. Nd4 Nxd4 16. Rxd4 Bb7 17. Bg2 Qc7 1/2-1/2

[Event "TCh-FRA Top 16 Gp A/B"]
[Site "Clichy"]
[Date "2007.06.03"]
[Round "11.3"]
[White "Bunzmann, Dimitrij"]
[Black "Jedynak, Radoslaw"]
[Result "0-1"]
[WhiteElo "2525"]
[BlackElo "2538"]
[PlyCount "124"]
[EventDate "2007.05.??"]
[EventType "team"]
[EventRounds "11"]
[EventCountry "FRA"]
[SourceDate "2007.01.01"]
[WhiteTeam "Drancy"]
[BlackTeam "Marseille"]
[WhiteTeamCountry "FRA"]
[BlackTeamCountry "FRA"]

1. c4 Nf6 2. Nc3 g6 3. d4 Bg7 4. e4 d6 5. Nf3 O-O 6. Be2 e5 7. O-O Na6 8. Re1
c6 9. Bf1 exd4 10. Nxd4 Ng4 11. h3 Qb6 12. hxg4 Qxd4 13. Qe2 Qe5 14. g3 Nc5 15.
Bf4 Qe7 16. Rad1 Be5 17. Bc1 a6 18. f4 Bg7 19. Bg2 Rb8 20. Be3 Be6 21. g5 b5
22. cxb5 axb5 23. f5 Bxc3 24. bxc3 Bc4 25. Qg4 Nd3 26. f6 Qe6 27. Qxe6 fxe6 28.
Re2 Nc1 29. Red2 Nxa2 30. Rxd6 Nxc3 31. Ra1 e5 32. Rxc6 Rfc8 33. Rxc8+ Rxc8 34.
Bb6 b4 35. Bh3 b3 36. Ba5 b2 37. Bxc3 bxa1=Q+ 38. Bxa1 Rc5 39. Kf2 Kf7 40. Ke3
Ba2 41. Bb2 h6 42. gxh6 Kxf6 43. Kd2 Bb1 44. Ke3 Rb5 45. Bc3 Rb3 46. Kd2 Bxe4
47. h7 Rb8 48. Ke3 Bb1 49. Bg2 Rh8 50. Be4 Bxe4 51. Kxe4 Rxh7 52. Bxe5+ Kg5 53.
Kf3 Rf7+ 54. Bf4+ Kh5 55. g4+ Kh4 56. g5 Rf5 57. Ke4 Kg4 58. Bd2 Rxg5 59. Bxg5
Kxg5 60. Kf3 Kh4 61. Kg2 Kg4 62. Kh2 Kf3 0-1

[Event "TCh-FRA Top 16 Gp A/B"]
[Site "Clichy"]
[Date "2007.06.03"]
[Round "11.4"]
[White "De la Riva Aguado, Oscar"]
[Black "Borne, Niels"]
[Result "1/2-1/2"]
[WhiteElo "2525"]
[BlackElo "2335"]
[PlyCount "51"]
[EventDate "2007.05.??"]
[EventType "team"]
[EventRounds "11"]
[EventCountry "FRA"]
[SourceDate "2007.01.01"]
[WhiteTeam "Marseille"]
[WhiteTeamCountry "FRA"]
[BlackTeamCountry "FRA"]

1. e4 c6 2. d4 d5 3. e5 Bf5 4. Nf3 e6 5. Be2 Ne7 6. O-O h6 7. Nbd2 Nd7 8. c3
Bh7 9. Nb3 Ng6 10. Be3 Be7 11. Ne1 O-O 12. f4 Nh4 13. g3 Nf5 14. Bf2 Rc8 15.
Ng2 c5 16. Nd2 cxd4 17. cxd4 Bb4 18. Nf3 Ba5 19. g4 Ne7 20. Ne3 f6 21. Bg3 fxe5
22. fxe5 Bb6 23. g5 h5 24. Nh4 Rxf1+ 25. Bxf1 Be4 26. Bf2 1/2-1/2

[Event "TCh-FRA Top 16 Gp A/B"]
[Site "Clichy"]
[Date "2007.06.03"]
[Round "11.7"]
[White "Karr, Jean Philippe"]
[Black "Guadalpi, David"]
[Result "1-0"]
[WhiteElo "2409"]
[BlackElo "2336"]
[PlyCount "107"]
[EventDate "2007.05.??"]
[EventType "team"]
[EventRounds "11"]
[EventCountry "FRA"]
[SourceDate "2007.01.01"]
[WhiteTeam "Drancy"]
[BlackTeam "Marseille"]
[WhiteTeamCountry "FRA"]
[BlackTeamCountry "FRA"]

1. d4 d5 2. c4 c6 3. Nf3 Nf6 4. Nc3 dxc4 5. a4 Bf5 6. e3 e6 7. Bxc4 Bb4 8. O-O
Nbd7 9. Qe2 Bg4 10. Rd1 O-O 11. h3 Bxf3 12. Qxf3 Rc8 13. Bf1 Qa5 14. Ne2 e5 15.
Ng3 Rfe8 16. Bd3 exd4 17. exd4 Qd5 18. Qxd5 Nxd5 19. a5 g6 20. a6 b6 21. Bh6 f5
22. Rac1 Bf8 23. Bxf8 Kxf8 24. Be2 Ke7 25. Bf3 Kd6 26. Nf1 Nf4 27. Kh2 Nf6 28.
g3 N4d5 29. Nd2 b5 30. Nb3 Ne4 31. Kg2 Nef6 32. Nc5 g5 33. Nd3 h5 34. Ne5 g4
35. hxg4 hxg4 36. Bxd5 Nxd5 37. Rh1 Nb4 38. Rh5 Rxe5 39. dxe5+ Kxe5 40. Rc5+
Nd5 41. Rh6 Kd4 42. Rcxc6 Re8 43. Rhe6 Rh8 44. Red6 f4 45. gxf4 Ke4 46. Re6+
Kxf4 47. Rc5 Rd8 48. Rxb5 Nc7 49. Rb4+ Kf5 50. Rc6 Ne6 51. Rb5+ Kf6 52. Rb7 Re8
53. Rxa7 Kg5 54. Rxe6 1-0

[Event "TCh-FRA Top 16 Gp A/B"]
[Site "Clichy"]
[Date "2007.06.03"]
[Round "11.8"]
[White "Delorme, Laurie"]
[Black "Wolfangel, Florence"]
[Result "1-0"]
[WhiteElo "2026"]
[BlackElo "1983"]
[PlyCount "45"]
[EventDate "2007.05.??"]
[EventType "team"]
[EventRounds "11"]
[EventCountry "FRA"]
[SourceDate "2007.01.01"]
[WhiteTeam "Marseille"]
[WhiteTeamCountry "FRA"]
[BlackTeamCountry "FRA"]

1. d4 d5 2. Nf3 Nf6 3. c4 e6 4. Nc3 Nbd7 5. Bf4 Bb4 6. e3 O-O 7. Qc2 b6 8. cxd5
exd5 9. Be2 Bb7 10. O-O Bxc3 11. Qxc3 c5 12. dxc5 Nxc5 13. Rac1 Rc8 14. Qa3 a5
15. Nd4 Ne6 16. Rxc8 Qxc8 17. Be5 Nd7 18. Nf5 Qa8 19. Bd6 Re8 20. Bb5 Rd8 21.
Be7 Ba6 22. Bxa6 Qxa6 23. Bxd8 1-0

[Event "TCh-FRA Top 16 Gp A/B"]
[Site "Clichy"]
[Date "2007.06.03"]
[Round "11.1"]
[White "Eingorn, Vereslav S"]
[Black "Calistri, Tristan"]
[Result "1/2-1/2"]
[WhiteElo "2588"]
[BlackElo "2368"]
[PlyCount "42"]
[EventDate "2007.05.??"]
[EventType "team"]
[EventRounds "11"]
[EventCountry "FRA"]
[SourceDate "2007.01.01"]
[WhiteTeam "Metz"]
[BlackTeam "Creteil"]
[WhiteTeamCountry "FRA"]
[BlackTeamCountry "FRA"]

1. c4 g6 2. d4 Nf6 3. g3 Bg7 4. Bg2 d5 5. cxd5 Nxd5 6. Nf3 Nb6 7. Nc3 Nc6 8. e3
e5 9. O-O exd4 10. Nxd4 Nxd4 11. exd4 c6 12. d5 cxd5 13. Nxd5 O-O 14. Be3 Nxd5
15. Qxd5 Bxb2 16. Rab1 Qxd5 17. Bxd5 Rd8 18. Be4 Bd4 19. Bxb7 Rb8 20. Bxd4 Rxd4
21. Bxc8 Rxc8 1/2-1/2

[Event "TCh-FRA Top 16 Gp A/B"]
[Site "Clichy"]
[Date "2007.06.03"]
[Round "11.3"]
[White "Riazantsev, Alexander"]
[Black "Bouchet, Nicolas"]
[Result "1-0"]
[WhiteElo "2621"]
[BlackElo "2316"]
[PlyCount "51"]
[EventDate "2007.05.??"]
[EventType "team"]
[EventRounds "11"]
[EventCountry "FRA"]
[SourceDate "2007.01.01"]
[WhiteTeam "Metz"]
[BlackTeam "Creteil"]
[WhiteTeamCountry "FRA"]
[BlackTeamCountry "FRA"]

1. d4 d5 2. c4 c6 3. Nf3 Nf6 4. Nc3 a6 5. Ne5 Nbd7 6. Bf4 dxc4 7. Nxc4 b5 8.
Ne5 Bb7 9. e3 Nxe5 10. Bxe5 Nd7 11. Bg3 e6 12. Be2 c5 13. O-O cxd4 14. Qxd4 Nf6
15. Nxb5 Qxd4 16. Nxd4 Bc5 17. Nb3 Bb6 18. Rfc1 O-O 19. Nc5 Bxc5 20. Rxc5 Ne4
21. Rc7 Nxg3 22. hxg3 Bd5 23. b4 a5 24. b5 Rfc8 25. Rac1 Rxc7 26. Rxc7 1-0